01109 a2200469 4500000002100000001000700021005001700028008004100045010000500086020000500091082001600096100005300112110000500165245009900170250000500269260003500274300001000309490000700319500000500326600000500331610000500336611000500341630000500346650000500351651000500356654000500361690001900366700003200385700002700417710000900444711000500453720000500458730000500463740000500468752000500473856000900478904000500487964001700492965000500509999001500514952011000529BKB 06941420200902150256.0  a a a822.3bB46B1 aBest loved Indian stories of the century (Vol.1) a1 aBest loved Indian stories of the century (Vol.1)cedited by Indira Srinivasan and Chetna Bhatt a aNew DelhibPenguin Booksc1999 a242p. av a a a a a a a a aStories; India aSrinivasan, Indira, ed.bc aBhatt, Chetna, ed.bc abc a a a a a adf a abcdefg a c2961d2961 00104070aCURAJbCURAJd2012-03-07g299.00l3o822.3 B46Bp3701r2025-11-24s2025-11-10w2020-09-02yBK